All Foo Fighters Studio Albums - Statistics

General Stats
  • This quiz has been taken 7 times
  • The average score is 8 of 10
Answer Stats
Year Answer % Correct
1995 Foo Fighters
100%
2002 One by One
100%
2017 Concrete and Gold
83%
2014 Sonic Highways
83%
1997 The Colour and the Shape
83%
2005 In Your Honor
67%
2021 Medicine at Midnight
67%
2011 Wasting Light
67%
2007 Echoes, Silence, Patience & Grace
50%
1999 There Is Nothing Left to Lose
50%
No matching quizzes found
Score Distribution
Percent of People with Each Score
Percentile by Number Answered
Your Score History
You have not taken this quiz